Library Banner

Hidden from history forgotten queens of Islam/ (Record no. 96055)

MARC details
000 -LEADER
fixed length control field 00388nam a22001457a 4500
005 - DATE AND TIME OF LATEST TRANSACTION
control field 20170801090414.0
008 - FIXED-LENGTH DATA ELEMENTS--GENERAL INFORMATION
fixed length control field 170801b xxu||||| |||| 00| 0 eng d
040 ## - CATALOGING SOURCE
Transcribing agency PK-LaUMT
082 ## - DEWEY DECIMAL CLASSIFICATION NUMBER
Classification number ZIAC 297.082
Item number FAT-H
100 ## - MAIN ENTRY--PERSONAL NAME
Personal name Fatima Mernissi
245 ## - TITLE STATEMENT
Title Hidden from history forgotten queens of Islam/
Statement of responsibility, etc Fatima Mernissi
260 ## - PUBLICATION, DISTRIBUTION, ETC. (IMPRINT)
Place of publication, distribution, etc Lahore:
Name of publisher, distributor, etc ASR,
Date of publication, distribution, etc 1993
300 ## - PHYSICAL DESCRIPTION
Extent 229 P.
942 ## - ADDED ENTRY ELEMENTS (KOHA)
Koha item type Books
Holdings
Withdrawn status Lost status Damaged status Home library Current library Date acquired Full call number Barcode Date last seen Price effective from Koha item type
      UMT Main Campus UMT Main Campus 2017-08-01 ZIAC 297.082 FAT-H 111655 2017-08-01 2017-08-01 Books